Problemas de Programas Sociales Masivos /
sin resumen
Guardado en:
| Autor principal: | |
|---|---|
| Autor Corporativo: | |
| Otros Autores: | , |
| Formato: | Procedimiento de la Conferencia |
| Lenguaje: | Spanish |
| Publicado: |
Buenos Aires:
CIDES,
1989
|
| Etiquetas: |
Agregar Etiqueta
Sin Etiquetas, Sea el primero en etiquetar este registro!
|
MARC
| LEADER | 00000 a a2200000 04500 | ||
|---|---|---|---|
| 001 | 2036 | ||
| 003 | cru CIDCACS/IIS | ||
| 005 | 20230130104040.0 | ||
| 008 | 230130b |||||||| |||| 00| 0 spa d | ||
| 020 | |a [sin ISBN] | ||
| 040 | |c cru CIDCACS/IIS | ||
| 090 | |a 10721.00 | ||
| 100 | 1 | |a Forni, Floreal | |
| 245 | 1 | |a Problemas de Programas Sociales Masivos / |c Forni, Floreal | |
| 260 | |a Buenos Aires: |b CIDES, |c 1989 | ||
| 300 | |a 21 páginas | ||
| 520 | |a sin resumen | ||
| 700 | |a Franco, Rolando | ||
| 700 | |a Suárez, Francisco M | ||
| 711 | 2 | |9 10891 |a Seminario sobre Programas Sociales Masivos |c (San José, Costa Rica : |d 1989 septiembre 25-29) | |
| 942 | |2 ddc |c LI | ||
| 999 | |c 14205 |d 14205 | ||
